App Empire : Make money, have a life, and let technology work for you

The book caters to many platforms including iPhone, iPad, Android, and BlackBerry.This book includes real-world examples to inspire those who are looking to cash in on the App gold rush.

שמור ב:
מידע ביבליוגרפי
מחבר ראשי: Mureta, Chad
פורמט: ספר
שפה:Undetermined
יצא לאור: New Jersey John Wiley & Sons, Inc. 2012
נושאים:
תגים: הוספת תג
אין תגיות, היה/י הראשונ/ה לתייג את הרשומה!
Thư viện lưu trữ: Trung tâm Học liệu Trường Đại học Cần Thơ
LEADER 01035nam a2200229Ia 4500
001 CTU_217472
008 210402s9999 xx 000 0 und d
020 |c 16.51 
082 |a 005.3 
082 |b M975 
100 |a Mureta, Chad 
245 0 |a App Empire : 
245 0 |b Make money, have a life, and let technology work for you 
245 0 |c Chad Mureta 
260 |a New Jersey 
260 |b John Wiley & Sons, Inc. 
260 |c 2012 
520 |a The book caters to many platforms including iPhone, iPad, Android, and BlackBerry.This book includes real-world examples to inspire those who are looking to cash in on the App gold rush. 
650 |a Application software,Application software,Mobile computing,Phần mềm ứng dụng,Phần mềm ứng dụng,Điện toán đi động 
650 |x Development,Marketing,Computer programs,Phát triển,Thị trường,Chương trình máy tính 
904 |i Hiền, Nhi, Tuyến 
980 |a Trung tâm Học liệu Trường Đại học Cần Thơ